<?xml version="1.0" encoding="UTF-8"?>
<record
    xmlns:xsi="http://www.w3.org/2001/XMLSchema-instance"
    xsi:schemaLocation="http://www.loc.gov/MARC21/slim http://www.loc.gov/standards/marcxml/schema/MARC21slim.xsd"
    xmlns="http://www.loc.gov/MARC21/slim">

  <leader>01601nam a2200241 a 4500</leader>
  <controlfield tag="001">BRCA_8798</controlfield>
  <controlfield tag="005">20190320210421.0</controlfield>
  <controlfield tag="008">190417s1774----sp-#######---#000-0#spa-#</controlfield>
  <datafield tag="041" ind1=" " ind2=" ">
    <subfield code="a">spa</subfield>
  </datafield>
  <datafield tag="044" ind1=" " ind2=" ">
    <subfield code="a">sp</subfield>
  </datafield>
  <datafield tag="084" ind1=" " ind2=" ">
    <subfield code="a">BE179</subfield>
    <subfield code="b">.M37 1774</subfield>
  </datafield>
  <datafield tag="100" ind1="1" ind2=" ">
    <subfield code="a">Mart&#xED;nez, Manuel Silvestre</subfield>
    <subfield code="9">21602</subfield>
  </datafield>
  <datafield tag="245" ind1="1" ind2="0">
    <subfield code="a">Librer&#xED;a de jueces</subfield>
    <subfield code="b">util&#xED;sima, y universal...:tomo quinto...</subfield>
    <subfield code="c">su autor el Lic. D. Manuel Sylvestre Mart&#xED;nez...</subfield>
  </datafield>
  <datafield tag="260" ind1=" " ind2=" ">
    <subfield code="a">Madrid</subfield>
    <subfield code="b">En la Imprenta de Blas Rom&#xE1;n</subfield>
    <subfield code="c">1774</subfield>
  </datafield>
  <datafield tag="300" ind1=" " ind2=" ">
    <subfield code="a">[20], 406 p. (t.5)</subfield>
    <subfield code="c">21.2 x 15 cm.</subfield>
  </datafield>
  <datafield tag="500" ind1=" " ind2=" ">
    <subfield code="a">Con privilegio</subfield>
  </datafield>
  <datafield tag="500" ind1=" " ind2=" ">
    <subfield code="a">Dedicado al Excmo. Sr. Conde de Aranda</subfield>
  </datafield>
  <datafield tag="500" ind1=" " ind2=" ">
    <subfield code="a">Estado f&#xED;sico: Presenta encuadernaci&#xF3;n en pergamino, con presencia del pez de plata y cantos adornados</subfield>
  </datafield>
  <datafield tag="505" ind1="0" ind2=" ">
    <subfield code="a">Contiene: En que se trata de la regia potestad del soberano, sobre las cosas y personas de todos sus vasallos seglares, y eclesi&#xE1;sticos regulares y seculares. Y de la espiritual y suprema de la silla apost&#xF3;lica. Se hace resumen y exposici&#xF3;n de todas las leyes y autos acordados de que se compone el libro 1, de la recopilaci&#xF3;n nov&#xED;sima que se reimprimio, y a&#xF1;adi&#xF3; en el a&#xF1;o de 1772. Y de las anteriores, y posteriores reales cedulas, decretos y pragm&#xE1;ticas a&#xFA;n no recopiladas, que declaran, confirman, &#xF3; derogan las antiguas disposiciones, &#xF3; dan otras nuevas, y se colocan en el lugar y t&#xED;tulos &#xE1; que pertenecen; con que se manisfiestan las variaciones del Real Derecho, desde la primitiva recopilaci&#xF3;n del a&#xF1;o 1567. hasta el presente de 1774</subfield>
  </datafield>
  <datafield tag="650" ind1="1" ind2="4">
    <subfield code="a">Juisprudencia</subfield>
    <subfield code="y">S. XVIII</subfield>
    <subfield code="z">Espa&#xF1;a</subfield>
    <subfield code="9">21937</subfield>
  </datafield>
  <datafield tag="902" ind1=" " ind2=" ">
    <subfield code="a">CFM</subfield>
  </datafield>
  <datafield tag="942" ind1=" " ind2=" ">
    <subfield code="2">lcc</subfield>
    <subfield code="c">B</subfield>
  </datafield>
  <datafield tag="999" ind1=" " ind2=" ">
    <subfield code="c">8449</subfield>
    <subfield code="d">8449</subfield>
  </datafield>
  <datafield tag="952" ind1=" " ind2=" ">
    <subfield code="0">0</subfield>
    <subfield code="1">0</subfield>
    <subfield code="4">0</subfield>
    <subfield code="7">0</subfield>
    <subfield code="a">BRCA</subfield>
    <subfield code="b">BRCA</subfield>
    <subfield code="d">2017-04-19</subfield>
    <subfield code="l">0</subfield>
    <subfield code="o">BE179 .M37 1774</subfield>
    <subfield code="p">CFM00125</subfield>
    <subfield code="r">2019-03-22 00:00:00</subfield>
    <subfield code="w">2019-03-22</subfield>
    <subfield code="y">B</subfield>
  </datafield>
</record>
